| 000 | 01086nam a2200265 a 4500 | ||
|---|---|---|---|
| 001 | BRCA_4970 | ||
| 005 | 20190320204901.0 | ||
| 008 | 830808s1741####be-ab#####---#000-0#spa-# | ||
| 041 | _aspa | ||
| 044 | _abe | ||
| 050 | 4 |
_aF1230 _b.S65 2 _c1741 |
|
| 100 | 1 |
_aSolís y Rivadeneyra, Antonio de _d1610-1686 _912647 |
|
| 245 | 1 | 0 |
_aHistoria de la conquista de Mexico _bpoblación y progresos de la América Septentrional, conocida por el nombre de Nueva España _cescrivióla Antonio de Solís. |
| 260 |
_aBruselas _bMarcos - Miguel Bousquet _c1741 |
||
| 300 |
_a276 p. _bil., láminas, mapas _c41 cm. |
||
| 500 | _aIncluye índice de las cosas notables que contienen en este libro | ||
| 500 | _aNueva edición enriquezida con diversas estampas y aumentada con la vida del autor que escrivió Don Juan de Goyeneche | ||
| 500 | _aEstado físico: libro deteriorado, cubierta desprendida | ||
| 500 | _aVer también DD1 | ||
| 500 | _aDD10 | ||
| 651 | 4 |
_aMéxico _xHistoria _yConquista, 1519-1540 _9442 |
|
| 700 | 1 |
_aGoyeneche, Juan de _d1656-1735 _912429 |
|
| 902 | _aGFM | ||
| 942 |
_2lcc _cB |
||
| 999 |
_c4664 _d4664 |
||